Chinese in Two Months (Record no. 10996)

MARC details
000 -LEADER
fixed length control field 00389nam a22001577a 4500
003 - CONTROL NUMBER IDENTIFIER
control field OSt
008 - FIXED-LENGTH DATA ELEMENTS--GENERAL INFORMATION
fixed length control field 210814b ||||| |||| 00| 0 eng d
020 ## - INTERNATIONAL STANDARD BOOK NUMBER
International Standard Book Number 9788190307888
082 ## - DEWEY DECIMAL CLASSIFICATION NUMBER
Classification number 303.64
Item number KAA
100 G# - MAIN ENTRY--PERSONAL NAME
Personal name KAPOOR, Dinesh Chander
245 ## - TITLE STATEMENT
Title Chinese in Two Months
260 ## - PUBLICATION, DISTRIBUTION, ETC. (IMPRINT)
Place of publication, distribution, etc Amritsar
Name of publisher, distributor, etc Ajanta School of Foreign Languages
300 ## - PHYSICAL DESCRIPTION
Extent 247
650 ## - SUBJECT ADDED ENTRY--TOPICAL TERM
Topical term or geographic name as entry element Language
942 ## - ADDED ENTRY ELEMENTS (KOHA)
Source of classification or shelving scheme Dewey Decimal Classification
Koha item type Text Books
Holdings
Withdrawn status Lost status Source of classification or shelving scheme Damaged status Not for loan Collection code Home library Current library Date acquired Source of acquisition Currency Cost, normal purchase price Bill Number Total Checkouts Full call number Acc. no. / Barcode Date last seen Actual Cost, discounted price Bill Date Koha item type Public note
    Dewey Decimal Classification     GENERAL PIET C-LIBRARY PIET C-LIBRARY 27/09/2021 Prism Books and Stationery Shop IN Rupees 325.00 GST-IN294   303.64 KAC 33271 30/09/2021 260.00 27/09/2021 Text Books Language

Design & Developed by: PIET Central Library
R70 Miles Stone Pattikalyana Samalkha Panipat 132102
mail ID :- [email protected], Phone No:- 0180-2569700 Ex.216